[Event "SCO Open 2018"]
[Site "Xingtai"]
[Date "2018.10.14"]
[Round "1"]
[White "Xi, Qi"]
[Black "Fang, Yuxiang"]
[Result "1/2-1/2"]
[WhiteElo "2182"]
[BlackElo "2490"]
[Annotator "TA"]
[PlyCount "73"]
[EventDate "2018.??.??"]
[EventCountry "CHN"]
[SourceTitle "playchess.com"]
[Source "ChessBase"]
[SourceQuality "1"]

{[%evp 17,73,29,41,18,22,29,25,21,29,24,20,-12,29,10,24,17,10,0,0,0,10,0,0,-8,-8,-16,0,0,0,-10,0,0,0,0,0,-2,0,0,0,0,0,0,-6,-28,-27,-27,-26,-18,-21,-18,-2,-18,0,0,0,-21,-12,-21]} 1. d4 d5 2. c4 c6 3. cxd5 cxd5 4. Bf4 Nc6 5. e3 Nf6 6. Nc3 Qb6 7. a3 {D10: Slav Defence: 3 cxd5 (without early Nf3) and 3 Nc3} Bf5 8. Na4 Qd8 9. Nf3 e6 {LiveBook: 4 Games} 10. Be2 Bd6 (10... Be7 11. O-O O-O 12. h3 Ne4 13. b4 Rc8 14. Nd2 Bd6 15. Nxe4 Bxf4 {1-0 (80) Andreikin,D (2708)-Kryakvin,D (2583) Sochi 2017}) 11. Bxd6 Qxd6 12. O-O O-O 13. Rc1 Rfc8 14. b4 $146 {[%cal Bb2b4,Bb4b5][%mdl 32]} ({Predecessor:} 14. Qb3 Rc7 15. Nc5 Qe7 {0-1 (38) Behrhorst,F (2285)-Haenisch,U Germany 1985}) 14... Nd7 15. Qb3 a5 {[%cal Ra5b4]} 16. b5 Ne7 17. h3 h6 18. Qb2 f6 19. Rfd1 b6 20. Rxc8+ Rxc8 21. Rc1 Rc7 22. Rxc7 Qxc7 23. Qc3 Qc8 (23... Qd6 {feels hotter.} 24. Nd2 e5 25. Nf1 Be6 26. Ng3 e4) 24. Qxc8+ Nxc8 25. Nc3 Nd6 26. Nd2 Kf7 27. f3 Bc2 28. Kf2 f5 29. g4 g5 30. Kg3 Nf6 31. Kf2 Kg6 32. Kg3 h5 {The position is equal.} 33. Kf2 Nf7 34. Kg2 f4 35. Kf2 e5 36. Bd1 Bxd1 37. Nxd1 {Precision: White = 51%, Black = 52%.} 1/2-1/2

[Event "SCO Open 2018"]
[Site "Xingtai"]
[Date "2018.10.15"]
[Round "2"]
[White "Zvjaginsev, Vadim"]
[Black "Xiang, Zeyu"]
[Result "1/2-1/2"]
[WhiteElo "2644"]
[BlackElo "2409"]
[Annotator "TA"]
[PlyCount "63"]
[EventDate "2018.??.??"]
[EventCountry "CHN"]
[SourceTitle "playchess.com"]
[Source "ChessBase"]
[SourceQuality "1"]

{[%evp 15,63,11,35,36,45,44,50,48,44,44,47,34,49,41,81,38,56,0,0,-16,-16,-21,-12,-10,-20,-16,-15,-16,-16,-17,-23,-20,0,0,0,0,0,0,0,0,0,0,0,0,16,0,2,0,13,0]} 1. g3 d5 2. Nf3 g6 3. Bg2 Bg7 4. O-O e5 5. d3 Ne7 6. e4 dxe4 7. dxe4 Qxd1 {A07: Réti Opening: New York and Capablanca Systems} 8. Rxd1 f6 {LiveBook: 3 Games} 9. Nc3 (9. Be3 Be6 10. Nbd2 Nd7 {½-½ (10) Vajda,L (2600)-Nisipeanu,L (2686) Zalakaros 2017}) 9... Bd7 $146 {White is slightly better.} ({Predecessor:} 9... c6 10. Be3 Be6 11. Rd6 Kf7 12. Rad1 Nc8 13. R6d2 Re8 14. Bf1 Nb6 15. b3 {0-1 (64) Aronyak,G (2180)-Czebe,A (2491) Chennai 2017}) 10. Nd5 Nxd5 11. exd5 a5 12. Be3 Na6 13. a3 Bf8 14. Nd2 Bc5 15. Re1 Kf7 16. d6 ({Better is} 16. b3 $14) 16... cxd6 $11 17. Bxb7 Ra7 18. Bxa6 Rxa6 19. Bxc5 dxc5 20. Ne4 Rc6 21. Rad1 Be6 22. f4 exf4 23. gxf4 Rb8 {The position is equal.} 24. f5 gxf5 25. Nd6+ Ke7 26. Nxf5+ Kf8 27. Rd6 Rxd6 28. Nxd6 Ke7 29. Ne4 Bf5 30. Ng3+ Be6 31. Ne4 Bf5 32. Ng3+ {Precision: White = 76%, Black = 48%.} 1/2-1/2

[Event "SCO Open 2018"]
[Site "Xingtai"]
[Date "2018.10.15"]
[Round "2"]
[White "Li, Di"]
[Black "Chu, Wei Chao"]
[Result "1-0"]
[WhiteElo "2467"]
[BlackElo "2393"]
[Annotator "TA"]
[PlyCount "97"]
[EventDate "2018.??.??"]
[EventCountry "CHN"]
[SourceTitle "playchess.com"]
[Source "ChessBase"]
[SourceQuality "1"]

{[%evp 23,97,41,34,27,32,39,52,52,54,50,63,59,39,39,151,154,222,188,236,235,288,306,325,325,325,325,325,325,316,328,329,329,329,329,329,329,328,280,301,268,256,210,328,328,328,328,370,328,318,299,418,402,419,400,492,328,328,322,322,306,306,270,270,270,270,422,437,416,420,421,407,371,690,667,721,710]} 1. d4 Nf6 2. c4 c5 3. d5 e6 4. Nc3 exd5 5. cxd5 d6 6. Nf3 {[%cal Bg1f3,Bf3d2,Bd2c4,Bc4d6][%mdl 32]} g6 7. g3 Bg7 8. Bg2 O-O 9. O-O Na6 10. a4 {A62: Modern Benoni: Fianchetto Variation without early ...Nbd7} (10. h3 Re8 11. Nd2 Nc7 12. a4 b6 13. Nc4 Ba6 14. Qb3 Bxc4 15. Qxc4 Nd7 16. Kh2 a6 17. e4 Rb8 18. Qe2 b5 19. Be3 Ne5 20. axb5 axb5 21. f4 Nc4 22. Bc1 {1-0 (60) Van Wely,L (2668)-Vavulin,M (2604) Jurmala 2017}) 10... Nb4 11. Nd2 b6 12. Nc4 Ba6 {LiveBook: 3 Games} 13. Nb5 Bxb5 14. axb5 Qd7 15. Bf4 Qxb5 16. Nxd6 Qd7 17. Nc4 $146 ({Predecessor:} 17. e4) 17... Nfxd5 18. Bd6 $36 {[%mdl 2048] Black is under pressure.} Qe6 (18... Rfd8 $14) 19. Bxf8 $16 Rxf8 (19... Bxf8 $16 20. Qd2 Be7) 20. Rxa7 $18 b5 {[#]} 21. Na3 $1 Qb6 22. Nxb5 ({Weaker is} 22. Bxd5 Qxa7 23. Nxb5 Qe7 $14) 22... Qxb5 23. Bxd5 Nxd5 24. Qxd5 Qxe2 25. b3 ({But not} 25. Qxc5 Qxb2 26. Rd1 Qe2) 25... Bd4 26. Rd7 Qd2 27. Kg2 Qc3 28. h4 h5 29. Rb7 Kg7 30. Qf3 Qxf3+ 31. Kxf3 {[%mdl 4096] Endgame KRR-KRB} Re8 32. Rd1 Re6 {[#]} (32... Re5 {was necessary.} 33. Rd2 Re1) 33. Rd2 $1 Rf6+ 34. Kg2 Ra6 35. Re2 Bf6 36. Kf3 Kf8 37. Rc2 Bd4 38. Ke4 Rf6 39. f4 {b4 is the strong threat.} Re6+ 40. Kd5 Bg1 41. Rg2 Re1 42. Ra2 Rd1+ 43. Kc6 Re1 44. Rd7 (44. Raa7 $142 Re6+ 45. Kd5) 44... Re6+ 45. Kb5 Kg7 46. Rd1 Be3 47. Re2 Kf6 $2 (47... Re4 48. Kc6 Re6+ 49. Rd6 Rxd6+ 50. Kxd6 Bg1) 48. Rd5 Ke7 49. f5 {Precision: White = 99%, Black = 51%.} 1-0

[Event "SCO Open 2018"]
[Site "Xingtai"]
[Date "2018.10.15"]
[Round "2"]
[White "Nigmatov, Ortik"]
[Black "Zou, Chen"]
[Result "0-1"]
[WhiteElo "2456"]
[BlackElo "2386"]
[Annotator "TA"]
[PlyCount "120"]
[EventDate "2018.??.??"]
[EventCountry "CHN"]
[SourceTitle "playchess.com"]
[Source "ChessBase"]
[SourceQuality "1"]

{[%evp 15,120,-28,-23,-15,-15,-17,0,0,0,0,0,0,0,8,0,-7,-21,-34,35,20,37,18,36,27,29,16,95,87,107,99,103,-112,-102,-102,-110,-222,-218,-237,-235,-581,-571,-389,-154,-161,-159,-188,-193,-183,-187,-186,-191,-220,-217,-360,-360,-360,-352,-345,-345,-344,-316,-361,-344,-363,-363,-356,-356,-348,-345,-341,-316,-308,-299,-298,-266,-269,-277,-359,-254,-269,-199,-808,-766,-1187,-1187,-1248,-431,-359,-269,-6095,-4625,-1097,-29959,-29961,-29963,-29963,-29964,-29960,-29946,-29969,-29968,-29971,-29972,-29973,-29974,-29995,-29996]} 1. e4 c5 2. Nf3 d6 3. d4 cxd4 4. Nxd4 Nf6 5. Nc3 a6 6. Bg5 e6 7. Qe2 Be7 8. h4 {B95: Sicilian Najdorf: 6 Bg5 e6, unusual White 7th moves} (8. f4 h6 9. Bxf6 Bxf6 10. O-O-O Qc7 11. Qd2 Bd7 12. Kb1 b5 13. g4 b4 14. Nce2 Nc6 15. Nf3 Be7 16. h4 a5 {½-½ (48) Jobava,B (2669)-Yilmaz,M (2622) Izmir 2016}) 8... h6 {LiveBook: 5 Games} 9. Be3 b5 10. a3 {The position is equal.} e5 $146 ({Predecessor:} 10... Bb7 11. f3 Nbd7 12. O-O-O Rc8 13. Qe1 Qc7 14. g4 d5 15. exd5 Nxd5 16. Nxd5 Bxd5 {1-0 (61) Ziatdinov,R (2425)-Ulko,J (2478) Moscow 2009}) 11. Nb3 {[%cal Bd4b3,Bb3a5,Ba5c6][%mdl 32]} Be6 12. O-O-O Nbd7 13. f3 Rc8 14. Qd2 h5 15. g3 Nb6 16. Na5 d5 (16... O-O $15) 17. Bxb6 $1 $14 Qxb6 18. Nxd5 Nxd5 19. exd5 Rd8 20. c4 {Black must now prevent Nc6.} b4 (20... Bd7 $11 {remains equal.}) 21. Nc6 $16 bxa3 {...Bd7 is the strong threat.} 22. Nxe7 {And now Nc6 would win.} (22. Nxd8 $2 Bf5 $19) 22... Kxe7 23. bxa3 $2 (23. b4 $1 $16 {keeps the pressure on.}) 23... Bxd5 $1 $17 24. Qc3 Be6 {Hoping for ...Rxd1+.} 25. Be2 (25. Rxd8 $17 {was called for.} Rxd8 26. Qb4+ Qxb4 27. axb4) 25... Rb8 $1 $19 26. Kc2 Rhc8 27. Qxe5 $2 (27. Rhf1) 27... Qb3+ 28. Kd2 {[#]} f6 $2 (28... Kf8 $1 $19 {is more deadly.} 29. Qd6+ (29. Ke1 $2 Bxc4 30. Bxc4 Rxc4 $19) 29... Kg8) 29. Qf4 $17 Bxc4 30. Bxc4 Rxc4 (30... Qxc4 31. Qxc4 Rxc4 32. Rhe1+ Kf7 33. Re3 $17) 31. Qe3+ Kf7 {( -> ...Rc2+)} 32. Qxb3 Rxb3 $19 {[%mdl 4096] Endgame KRR-KRR} 33. Rhf1 Rcc3 ({Don't play} 33... Rxa3 34. Ra1 $17) 34. Rb1 (34. g4 {was forced.}) 34... Rxa3 ({Much less strong is} 34... Rxf3 35. Rxb3 Rxb3 36. Rf5 $19) 35. g4 Rxf3 36. Rxf3 Rxf3 37. gxh5 {KR-KR} Rf5 38. Rb7+ {[#]} Kg8 $1 39. h6 gxh6 40. Ke3 a5 41. Ra7 Rb5 42. Kf4 Kf8 43. Kg3 Ke8 44. Kf4 h5 45. Ke4 Kd8 46. Kd4 Kc8 47. Ra6 Rb4+ 48. Kd3 $2 (48. Kc3) 48... a4 {[%cal Ba5a4,Ba4a3,Ba3a2][%mdl 32]} 49. Rxf6 Rxh4 50. Rf7 Rg4 (50... Rh2 $142 51. Rf8+ Kd7 52. Rf7+ Ke6) 51. Rh7 h4 52. Ke3 $2 (52. Kc2) 52... Kb8 53. Kd3 a3 54. Kc2 {Black mates.} a2 55. Kb2 Ra4 56. Ka1 Kc8 57. Rg7 Kd8 58. Rb7 Ke8 59. Rh7 Kf8 60. Ra7 Rxa7 {Precision: White = 34%, Black = 74%.} 0-1

[Event "SCO Open 2018"]
[Site "Xingtai"]
[Date "2018.10.15"]
[Round "2"]
[White "Das, Arghyadip"]
[Black "Zhu, Jiner"]
[Result "0-1"]
[WhiteElo "2437"]
[BlackElo "2360"]
[Annotator "TA"]
[PlyCount "56"]
[EventDate "2018.??.??"]
[EventCountry "CHN"]
[SourceTitle "playchess.com"]
[Source "ChessBase"]
[SourceQuality "1"]

{[%evp 15,56,-35,0,0,13,12,14,0,59,46,64,0,6,0,8,-18,0,0,0,-16,-10,-27,-29,-6,-4,-119,-123,-176,-162,-175,-172,-160,-153,-224,-145,-143,-111,-290,-295,-782,-685,-1409,-1381]} 1. d4 Nf6 2. Bf4 g6 3. Nc3 d5 4. Qd2 Bg7 5. Bh6 O-O 6. h4 {D01: Veresov Opening} c5 7. Bxg7 Kxg7 8. e3 Nc6 {LiveBook: 3 Games} 9. dxc5 $146 ({Predecessor:} 9. Nf3 Bg4 10. Ne5 h5 11. f3 Be6 12. Be2 Nxe5 13. dxe5 {0-1 (33) Bosiocic,M (2591)-Korobov,A (2692) Doha 2016}) 9... Qa5 10. h5 Bf5 11. Nge2 e5 (11... Qxc5 $11 12. Nd4 Rad8) 12. Ng3 $14 ({Much worse is} 12. hxg6 fxg6 13. O-O-O Be6 $11) 12... Be6 13. hxg6 (13. Bd3 $14) 13... fxg6 $11 14. O-O-O Qxc5 15. Be2 Rac8 16. Kb1 ({Much weaker is} 16. e4 d4 $17) 16... Kg8 17. Na4 Qe7 18. f4 exf4 19. exf4 d4 20. c4 (20. f5 $11 {remains equal.} gxf5 21. Qg5+ Kh8 22. Nh5 Nxh5 23. Qxe7 Nxe7 24. Rxh5) 20... Ng4 $17 21. f5 (21. Bxg4 $17 Bxg4 22. Rde1) 21... Bxf5+ $19 ({But not} 21... gxf5 22. Bxg4 fxg4 23. Rde1 $17) 22. Nxf5 Rxf5 23. Bf3 Ne3 $36 {[%mdl 2048] Keeping White busy.} 24. Rc1 (24. Rhe1 $17) 24... Qf6 25. b3 Rd8 26. Rce1 $2 {[#]} (26. Nc3 $17) 26... Ne5 {[%cal Bc6e5,Be5c4,Bc4a3][%mdl 32]} 27. Bxb7 $2 (27. Bd5+ Rxd5 28. Rxe3) 27... N5xc4 28. Qd3 Na3+ {Precision: White = 28%, Black = 64%.} 0-1

[Event "SCO Open 2018"]
[Site "Xingtai"]
[Date "2018.10.15"]
[Round "2"]
[White "Zhang, Ziji"]
[Black "Zhou, Jianchao"]
[Result "0-1"]
[WhiteElo "2397"]
[BlackElo "2625"]
[Annotator "TA"]
[PlyCount "74"]
[EventDate "2018.??.??"]
[EventCountry "CHN"]
[SourceTitle "playchess.com"]
[Source "ChessBase"]
[SourceQuality "1"]

{[%evp 22,74,26,-20,7,22,11,-3,0,0,0,0,0,0,7,0,17,0,14,0,32,-73,-59,-54,-71,-100,-104,-97,-100,-164,-170,-222,-212,-613,-616,-604,-520,-525,-316,-318,-316,-692,-685,-12831,-12829,-12822,-12826,-12831,-854,-1623,-698,-695,-686,-659,-660]} 1. d4 d6 2. e4 Nf6 3. Nc3 g6 4. f4 Bg7 5. Nf3 O-O 6. Bd3 Nc6 7. e5 dxe5 8. fxe5 Nh5 9. Ne2 {B09: Pirc Defence: Austrian Attack} (9. Be3 Bg4 10. Ne2 f6 11. exf6 Nxf6 12. O-O Nd5 13. Bc4 Bxf3 14. Rxf3 Rxf3 15. gxf3 Na5 16. Bxd5+ Qxd5 17. Nf4 Qf7 {0-1 (29) Geller,J (2518)-Dubov,D (2709) Moscow 2018}) 9... Bg4 10. c3 Bxf3 11. gxf3 e6 12. Be3 {LiveBook: 3 Games} Ne7 13. Qd2 Nd5 14. Bg5 f6 15. Bh4 $1 Qd7 16. exf6 Bxf6 17. Bxf6 Ndxf6 $146 {[%cal Bd5f6,Bf6h5,Bh5f4,Bf4g2][%mdl 32]} ({Predecessor:} 17... Rxf6) 18. Rg1 Rf7 19. Qh6 Raf8 20. O-O-O Qd5 21. Nf4 (21. Bxg6 $14 hxg6 22. Rxg6+ Rg7 23. Nf4) 21... Nxf4 $17 22. Qxf4 Nh5 ({Worse is} 22... Qxa2 23. Bxg6 $1 {[%mdl 512]} Qa1+ 24. Bb1+ Kh8 25. Qe5 $16) 23. Qg4 Nf4 24. Rge1 Qxa2 25. Bb1 (25. Kc2 $17 {keeps fighting.}) 25... Qa1 $36 {[%mdl 2048] White is under strong pressure.} 26. Qg5 {[#]} (26. Rxe6 $142 Nxe6 27. Qxe6) 26... Rf5 $1 {[%cal Rf5g5]} 27. Qh4 $2 (27. Qe7) 27... Ng2 28. Qe7 Nxe1 29. Qxe6+ R8f7 30. Rxe1 Kg7 ({Weaker is} 30... Rxf3 31. Qa2 $17) 31. Qc8 $2 (31. Qa2 Qxa2 32. Bxa2) 31... Rxf3 {Black is clearly winning.} 32. Qxb7 {[#]} Rxc3+ $1 {[%mdl 512]} 33. Kd2 (33. bxc3 Qxc3+) 33... Rh3 {( -> ...Qa5+)} 34. Qb5 Rh5 (34... Rf2+ $142 35. Re2 Rxe2+ 36. Qxe2 Qxb1 37. Qe5+ Kh6 38. Qf4+ g5 39. Qf8+ Kh5 40. Qf7+ Qg6 41. Qxg6+ Kxg6) 35. d5 c6 (35... Rxh2+ $142 36. Kc3 Rf4 37. Qd7+ Kh6 38. Qxh7+ Kxh7 39. Bxg6+ Kxg6 40. Rxa1 Rh3+ 41. Kc2 Rf2+ 42. Kb1 Rh1+ 43. Ka2 Rxa1+ 44. Kxa1 Kf6) 36. Qb4 Rxd5+ 37. Kc1 {If White can now play Qc3+ this consolidates a bit.} Qa5 {Precision: White = 27%, Black = 60%.} 0-1

[Event "SCO Open 2018"]
[Site "Xingtai"]
[Date "2018.10.15"]
[Round "2"]
[White "Zhao, Yuanhe"]
[Black "Xu, Yi"]
[Result "1/2-1/2"]
[WhiteElo "2389"]
[BlackElo "2536"]
[Annotator "TA"]
[PlyCount "63"]
[EventDate "2018.??.??"]
[EventCountry "CHN"]
[SourceTitle "playchess.com"]
[Source "ChessBase"]
[SourceQuality "1"]

{[%evp 18,63,7,0,11,0,2,0,14,-1,19,20,24,16,31,12,31,31,28,23,28,13,25,25,106,108,102,97,96,103,131,53,53,53,115,99,117,58,65,22,24,24,27,29,64,63,63,63]} 1. Nf3 Nf6 2. g3 d5 3. Bg2 e6 4. O-O Be7 5. d4 O-O 6. Nbd2 b6 7. c4 Bb7 8. b3 {[%cal Bb2b3,Bb3b4,Bb4b5][%mdl 32]} Nbd7 9. Bb2 c5 10. Rc1 {LiveBook: 26 Games} dxc4 {E17: Queen's Indian: 4 g3 Bb7 5 Bg2 Be7} (10... Rc8 11. cxd5 {½-½ (11) Bauer,C (2634)-Gharamian,T (2627) Maastricht 2016}) 11. dxc5 $146 ({Predecessor:} 11. Nxc4 Rc8 12. e3 cxd4 13. Nxd4 Bxg2 14. Kxg2 Nc5 15. Ne5 Qd5+ 16. Ndf3 Qb7 17. Kg1 Nd5 18. Qd4 Bf6 19. Rfd1 Rfd8 20. Rd2 {0-1 (39) Farouk,F (2172)-Wanyama,H (2141) Kampala 2012}) 11... c3 12. Rxc3 {[#] c6 is the strong threat.} Nxc5 {The position is equal.} 13. b4 Nce4 14. Nxe4 Bxe4 15. a3 a5 16. b5 $1 Qxd1 17. Rxd1 Rfd8 18. Rcc1 Bc5 19. Ne5 Bxg2 20. Kxg2 Kf8 (20... Rxd1 $11 {remains equal.} 21. Rxd1 a4) 21. a4 $16 Rxd1 22. Rxd1 Ke8 23. Nd3 Bf8 24. Bxf6 (24. Bd4 $16) 24... gxf6 {[%mdl 4096] Endgame KRB-KRN} 25. Rc1 Be7 (25... Rd8 $14) 26. Rc6 Bd8 27. g4 ({White should play} 27. Nb2 $16) 27... Ra7 28. Nb2 Rd7 29. Nc4 Rd1 $1 30. Nxb6 {And now Nc4 would win.} Bxb6 31. Rxb6 {Hoping for Ra6.} Rd4 32. Kf3 {Precision: White = 49%, Black = 39%.} 1/2-1/2

[Event "SCO Open 2018"]
[Site "Xingtai"]
[Date "2018.10.15"]
[Round "2"]
[White "Lin, Yi"]
[Black "Lalith Babu M R"]
[Result "0-1"]
[WhiteElo "2361"]
[BlackElo "2518"]
[Annotator "TA"]
[PlyCount "120"]
[EventDate "2018.??.??"]
[EventCountry "CHN"]
[SourceTitle "playchess.com"]
[Source "ChessBase"]
[SourceQuality "1"]

{[%evp 14,120,36,43,53,44,29,37,39,23,35,39,29,49,38,-7,6,3,20,5,8,0,1,0,0,-65,-73,-58,-59,-108,-107,-115,-117,-103,-95,-96,-100,-91,-103,-127,-122,-154,-152,-188,-170,-205,-217,-258,-206,-209,-217,-208,-202,-195,-186,-185,-185,-228,-208,-203,-214,-223,-203,-289,-279,-498,-491,-476,-476,-438,-447,-438,-429,-1096,-1047,-1336,-579,-1081,-1325,-1027,-1015,-9164,-8853,-5675,-4731,-12841,-11829,-12585,-12805,-29957,-29962,-12834,-12844,-29943,-12108,-10937,-9219,-5683,-2324,-29976,-29977,-29977,-29978,-29983,-29984,-29989,-29980,-29984,-29985]} 1. d4 g6 2. Nf3 Bg7 3. g3 d6 4. Bg2 Nf6 5. O-O O-O 6. b3 c6 7. Bb2 b5 {A49: Königsindisch (ohne c2-c4)} (7... Nbd7 8. Re1 Qc7 9. e4 e5 10. Nbd2 b5 11. c4 a6 12. Qc2 Bb7 13. c5 dxc5 14. dxe5 Ng4 15. e6 Bxb2 16. Qxb2 fxe6 {1-0 (51) Sargissian,G (2677)-Yu,Y (2760) chess.com INT 2018}) 8. Nbd2 {LiveBook: 8 Partien} Bb7 9. c4 Nbd7 {Weiß steht etwas besser.} 10. e4 bxc4 $146 ({Vorgänger:} 10... Qb8 11. Qc2 a6 12. Rfe1 e5 13. dxe5 dxe5 14. c5 Re8 15. b4 {1-0 (51) Priborsky,J (2331)-Basting,S (2012) Bayern 2014}) 11. e5 dxe5 12. dxe5 c3 13. Bxc3 Nd5 14. Bd4 c5 $36 {[%mdl 2048] Schwarz steht aktiver.} 15. Bb2 a5 16. Nc4 N7b6 17. Ng5 Qc7 18. e6 f6 $1 {[%cal Rf6g5]} 19. Nf7 ({Günstiger ist} 19. Ne4 $11) 19... Nxc4 $15 20. bxc4 Ne3 $1 {[%cal Re3d1]} 21. Be5 {[#]} Qb6 $1 ({Ein No Go ist} 21... Nxd1 $6 22. Bxc7 Bxg2 23. Kxg2 $11) (21... fxe5 $6 22. fxe3 Bxg2 23. Kxg2 $11) (21... Bxg2 $6 22. Bxc7 Nxd1 23. Kxg2 $11) 22. fxe3 Bxg2 23. Kxg2 {Droht Ld6 und aus.} Qxe6 ({Bitte nicht} 23... fxe5 $6 24. Qd5 $11) 24. Qd5 Qxf7 25. Qxf7+ Kxf7 26. Rab1 Rfd8 {Und ...Td2+ würde nun gewinnen.} 27. Bc7 Rd3 28. Rb5 Rxe3 29. Rxc5 Rc8 30. Rf2 f5 31. Rc2 Bd4 32. Rd5 Rxc7 33. Rxd4 $19 {[%mdl 4096] Endspiel KTT-KTT} Rc5 34. Kf2 Re6 35. h4 Kf6 36. Rd8 Re4 37. Ra8 h6 ({Finger weg von} 37... Rexc4 38. Rxc4 Rxc4 39. Rxa5) 38. Ra6+ (38. Rf8+ {ist wohl besser.} Ke5 39. Re8) 38... e6 39. Re2 $2 {[#]} (39. a4 {war einen Versuch wert.}) 39... Rxe2+ 40. Kxe2 Rxc4 41. Rxa5 {KT-KT} Rc2+ 42. Kf1 g5 43. hxg5+ (43. h5 $142 f4 44. g4) 43... hxg5 44. a4 Ra2 45. Kg1 f4 46. g4 e5 47. Ra6+ Ke7 48. Rg6 Rxa4 49. Rxg5 Kf6 50. Rh5 Ke6 51. Kf2 Ra2+ 52. Kf3 Ra3+ 53. Kf2 Rg3 (53... e4 $142 54. Kf1 Rg3 55. Rh8 Ke5 56. Re8+ Kd4 57. Kf2 e3+ 58. Kf1 Rxg4 59. Ke2 Rg2+ 60. Kf3 Rf2+ 61. Kg4 f3 62. Kf4 e2 63. Kg3 Rf1 64. Rd8+ Ke5 65. Re8+ Kf5 66. Rf8+ Kg6 67. Rg8+ Kf7 68. Rg5 e1=Q+ 69. Kf4 Qd2+ 70. Kf5 Qd3+ 71. Kf4 Qd4+ 72. Kg3 Rg1+ 73. Kxf3 Rxg5 74. Ke2 Rf5 75. Ke1 Qb2 76. Kd1 Rf1#) 54. Rg5 Kd5 55. Rg8 Ke4 56. Rg7 Ra3 {Schwarz setzt Matt.} 57. Re7 Ra2+ 58. Kg1 f3 59. Kf1 Rg2 60. Rg7 Ke3 {Precision: Weiß = 20%, Schwarz = 87%.} 0-1

[Event "SCO Open 2018"]
[Site "Xingtai"]
[Date "2018.10.15"]
[Round "2"]
[White "Li, Hong"]
[Black "Nitin, S.."]
[Result "0-1"]
[WhiteElo "2349"]
[BlackElo "2461"]
[Annotator "TA"]
[PlyCount "94"]
[EventDate "2018.??.??"]
[EventCountry "CHN"]
[SourceTitle "playchess.com"]
[Source "ChessBase"]
[SourceQuality "1"]

{[%evp 19,94,25,37,33,28,-8,0,-10,-16,-25,-25,-28,-30,-57,-25,-28,-26,-27,-28,-66,-57,-86,-77,-71,-68,-108,-112,-120,-120,-125,-127,-133,-135,-139,-104,-168,-168,-169,-166,-225,-223,-208,-177,-179,-163,-181,-166,-185,-184,-180,-185,-172,-180,-170,-181,-256,-144,-217,-215,-210,-163,-305,-300,-282,-278,-293,-298,-298,-297,-291,-290,-298,-296,-316,-227,-405,-397]} 1. d4 Nf6 2. c4 g6 3. Nc3 Bg7 4. e4 d6 5. h3 O-O 6. Be3 Na6 7. Nf3 c6 {E90: King's Indian: Classical: Early deviations and 6 h3} 8. Be2 (8. Rc1 e5 9. d5 cxd5 10. cxd5 Ne8 11. g4 Kh8 12. Be2 f5 13. gxf5 gxf5 14. exf5 Bxf5 15. Ng5 {1-0 (36) Nepomniachtchi,I (2751)-Adhiban,B (2677) Tbilisi 2017}) 8... e5 9. d5 Nh5 10. Qd2 Nf4 {LiveBook: 3 Games} 11. Bxf4 exf4 12. dxc6 $146 ({Predecessor:} 12. Qxf4 Qb6 13. Qd2 Nc5 14. O-O Re8 15. dxc6 bxc6 {½-½ (71) Bosman,M (2402)-Ernst,S (2553) Netherlands 2018}) 12... bxc6 13. O-O Rb8 14. Rac1 Nc5 15. Rfd1 Qe7 16. Nd4 Bd7 (16... Bxd4 $5 17. Qxd4 Rxb2 $15) 17. b3 Be5 18. Bg4 Be8 19. Re1 Qf6 20. Nf3 h5 21. Nxe5 dxe5 22. Be2 Rd8 23. Qb2 {[#]} f3 $1 $36 {[%cal Rf3e2][%mdl 2048] Black is in control.} 24. Bxf3 Nd3 25. Qc2 {Black should prevent Nd5.} Nxe1 26. Rxe1 Bd7 27. Qe2 (27. Re3 $17 {keeps fighting.}) 27... Be6 $19 28. Qe3 Rd4 29. Na4 (29. Be2 $142) 29... Rfd8 30. Be2 Qe7 31. Nc3 Kh7 32. Rf1 Qh4 33. f4 exf4 34. Rxf4 Qe1+ 35. Rf1 Qd2 36. Qg3 Qh6 37. Rf4 (37. Rf3 $142) 37... Qg7 ({Better is} 37... Rd2 $19 {Threatens to win with ...Rc2.} 38. Bf1 Rc2) 38. Rf2 (38. Bf1 $17) 38... Rd2 39. e5 R8d4 40. Bf3 (40. Qe3 $142 Qh6 41. Qxh6+ Kxh6 42. Bf3) 40... R2d3 41. Ne2 {[#]} Re4 $1 {[%mdl 512]} 42. Nc1 (42. Bxe4 Rxg3) 42... Re1+ 43. Rf1 Rxf1+ 44. Kxf1 Re3 45. Qf4 Rxe5 46. Nd3 Rf5 47. Qe3 $2 (47. Qd2) 47... Qa1+ {Precision: White = 17%, Black = 87%.} 0-1